| 000 | 00928cam a22002054a 4500 | ||
|---|---|---|---|
| 005 | 20250605164117.0 | ||
| 008 | 250528s ||||||||||||||||||||||||d | ||
| 035 | _a18109 | ||
| 020 | _a201544350 | ||
| 040 |
_aGR-AtMCL _bgre _dGR-AtMCL _eAACR2 |
||
| 245 | 1 | _aObject-Oriented Software Engineering / A Use Case Driven Approach Revised Fourth Printing | |
| 250 | _a4th | ||
| 260 |
_bAddison-Wesley Publishing Company, _c1993 |
||
| 300 | _a530 | ||
| 520 | _aThis book is based on Objectory which is the first commercially available comprehensive object-oriented process for developing large-scale industrial systems. Preface, Introduction, What is Object-Orientation, Concepts, Analysis, Database Specialization, Testing, Applications, Managing Object-Oriented Software Development, On the Development of Objectory, References, Index. | ||
| 700 | 1 |
_aJacobson Ivar _94400 |
|
| 942 | _cBK | ||
| 999 |
_c3493 _d3493 |
||